<?xml version="1.0" encoding="UTF-8"?><marc:collection xmlns:marc="http://www.loc.gov/MARC21/slim">
  <marc:record>
    <marc:leader>04135nam a2200433 c 4500</marc:leader>
    <marc:controlfield tag="001">99376764016306441</marc:controlfield>
    <marc:controlfield tag="003">DE-605</marc:controlfield>
    <marc:controlfield tag="005">20260330090603.0</marc:controlfield>
    <marc:controlfield tag="007">cr#|||||||||||</marc:controlfield>
    <marc:controlfield tag="008">260320|2026    gw      o     ||| | ger c</marc:controlfield>
    <marc:datafield tag="024" ind1="7" ind2=" ">
      <marc:subfield code="a">10.4126/FRL01-006527188</marc:subfield>
      <marc:subfield code="2">doi</marc:subfield>
    </marc:datafield>
    <marc:datafield tag="035" ind1=" " ind2=" ">
      <marc:subfield code="a">(DE-605)HT031429302</marc:subfield>
    </marc:datafield>
    <marc:datafield tag="035" ind1=" " ind2=" ">
      <marc:subfield code="a">(DE-599)HBZHT031429302</marc:subfield>
    </marc:datafield>
    <marc:datafield tag="040" ind1=" " ind2=" ">
      <marc:subfield code="a">DE-38M</marc:subfield>
      <marc:subfield code="b">ger</marc:subfield>
      <marc:subfield code="c">DE-38M</marc:subfield>
      <marc:subfield code="d">DE-38M</marc:subfield>
      <marc:subfield code="e">rda</marc:subfield>
    </marc:datafield>
    <marc:datafield tag="041" ind1=" " ind2=" ">
      <marc:subfield code="a">ger</marc:subfield>
    </marc:datafield>
    <marc:datafield tag="044" ind1=" " ind2=" ">
      <marc:subfield code="c">XA-DE</marc:subfield>
    </marc:datafield>
    <marc:datafield tag="049" ind1=" " ind2=" ">
      <marc:subfield code="a">DE-98</marc:subfield>
    </marc:datafield>
    <marc:datafield tag="049" ind1=" " ind2=" ">
      <marc:subfield code="a">DE-38M</marc:subfield>
    </marc:datafield>
    <marc:datafield tag="082" ind1="0" ind2=" ">
      <marc:subfield code="a">610</marc:subfield>
    </marc:datafield>
    <marc:datafield tag="100" ind1="1" ind2=" ">
      <marc:subfield code="a">Jürchott, Kathrin</marc:subfield>
      <marc:subfield code="4">aut</marc:subfield>
      <marc:subfield code="e">Verfasser</marc:subfield>
    </marc:datafield>
    <marc:datafield tag="245" ind1="1" ind2="0">
      <marc:subfield code="a">Pflegeeintritt und Erstbegutachtung bei betagten Menschen im Zeitverlauf</marc:subfield>
      <marc:subfield code="b">ein empirischer Beitrag auf Basis von Daten der sozialen Pflegeversicherung und der Medizinischen Dienste: WIdO e-Paper 8 (2026)</marc:subfield>
      <marc:subfield code="c">Kathrin Jürchott, Tim Seidinger, Robert Messerle, Susann Behrendt ; Wissenschaftliches Institut der AOK (WldO) im AOK-Bundesverband GbR</marc:subfield>
    </marc:datafield>
    <marc:datafield tag="264" ind1=" " ind2="1">
      <marc:subfield code="a">Berlin</marc:subfield>
      <marc:subfield code="b">Wissenschaftliches Institut der AOK (WIdO)</marc:subfield>
      <marc:subfield code="c">26.03.2026</marc:subfield>
    </marc:datafield>
    <marc:datafield tag="300" ind1=" " ind2=" ">
      <marc:subfield code="a">1 Online-Ressource (32 Seiten)</marc:subfield>
      <marc:subfield code="b">Diagramme, Karten</marc:subfield>
    </marc:datafield>
    <marc:datafield tag="336" ind1=" " ind2=" ">
      <marc:subfield code="a">Text</marc:subfield>
      <marc:subfield code="b">txt</marc:subfield>
      <marc:subfield code="2">rdacontent</marc:subfield>
    </marc:datafield>
    <marc:datafield tag="337" ind1=" " ind2=" ">
      <marc:subfield code="a">Computer</marc:subfield>
      <marc:subfield code="b">c</marc:subfield>
      <marc:subfield code="2">rdamedia</marc:subfield>
    </marc:datafield>
    <marc:datafield tag="338" ind1=" " ind2=" ">
      <marc:subfield code="a">Online-Ressource</marc:subfield>
      <marc:subfield code="b">cr</marc:subfield>
      <marc:subfield code="2">rdacarrier</marc:subfield>
    </marc:datafield>
    <marc:datafield tag="506" ind1="0" ind2=" ">
      <marc:subfield code="a">Open Access</marc:subfield>
      <marc:subfield code="f">Unrestricted online access</marc:subfield>
      <marc:subfield code="2">star</marc:subfield>
    </marc:datafield>
    <marc:datafield tag="520" ind1="3" ind2=" ">
      <marc:subfield code="a">Angesichts einer steigenden Zahl pflegebedürftiger Menschen und wachsender Ausgaben der Sozialen Pflegeversicherung (SPV) zählt die Sicherstellung einer qualitativ hochwertigen und langfristig finanzierbaren Versorgung zu den großen sozial- und gesundheitspolitischen Herausforderungen. Während öffentliche Diskurse und wissenschaftliche Analysen bislang überwiegend die steigende Anzahl von Pflegebedürftigen diskutieren (prävalenzbasiert), untersucht dieser Beitrag den Eintritt in die Pflegebedürftigkeit. Konkret werden die Ergebnisse von Erstbegutachtungen der Medizinischen Dienste (MD) und die Eintritte in die Pflege basierend auf SPV-Daten untersucht. Dabei werden Personen ab 60 Jahren betrachtet, die erstmals Leistungen der SPV in Anspruch nehmen. Die Auswertung bundesweiter Begutachtungsdaten der MD sowie Routinedaten der AOK-Pflegekassen zeigt ein weitgehend stabiles Niveau jährlicher Pflegeeintritte, jedoch deutliche Veränderungen in der Struktur der Neuzugänge. Das bedeutet Abgesehen von dem Einmaleffekt durch die Umstellung der Zugangssystematik in 2017, zeigen die Ergebnisse seit 2019 keine Zunahme der jährlichen Neuzugänge in die Pflegeversicherung. Gleichwohl waren Menschen mit Pflegebeginn im Jahr 2024 jünger als vor fünf Jahren und weisen zunehmend niedrigere Pflegegrade bei Eintritt in die Pflegebedürftigkeit auf. Parallel hierzu steigt insbesondere in den niedrigen Pflegegraden der Anteil der Personen, die zunächst Geldleistungen beziehen. Zudem zeigen sich bei den Ergebnissen des Erstbegutachtungsinstruments Häufungen unmittelbar oberhalb der leistungsrelevanten Schwellenwerte für das Erreichen der Pflegegrade. Diese Häufung hat seit 2017 zugenommen und ist besonders im Hinblick auf die Diskussion um Schwellenwertanpassungen von Relevanz. Darüber hinaus ist eine ausgeprägte regionale Varianz in der Höhe und Entwicklung der Zahl der erstbegutachteten Personen zu beobachten. Um zu klären, inwieweit die beobachteten Muster u.a. auf eine frühere Leistungsinanspruchnahme, definitorische bzw. verhaltensökonomische Effekte oder eine veränderte Morbiditätsstruktur zurückzuführen sind, sind weiterführende Analysen notwendig.</marc:subfield>
    </marc:datafield>
    <marc:datafield tag="540" ind1=" " ind2=" ">
      <marc:subfield code="a">Creative Commons Namensnennung 4.0 International</marc:subfield>
      <marc:subfield code="f">CC BY 4.0</marc:subfield>
      <marc:subfield code="u">https://creativecommons.org/licenses/by/4.0/</marc:subfield>
      <marc:subfield code="2">cc</marc:subfield>
    </marc:datafield>
    <marc:datafield tag="542" ind1="1" ind2=" ">
      <marc:subfield code="u">https://creativecommons.org/licenses/by/4.0/</marc:subfield>
    </marc:datafield>
    <marc:datafield tag="700" ind1="1" ind2=" ">
      <marc:subfield code="a">Seidinger, Tim</marc:subfield>
      <marc:subfield code="4">aut</marc:subfield>
      <marc:subfield code="e">Verfasser</marc:subfield>
    </marc:datafield>
    <marc:datafield tag="700" ind1="1" ind2=" ">
      <marc:subfield code="a">Messerle, Robert</marc:subfield>
      <marc:subfield code="4">aut</marc:subfield>
      <marc:subfield code="e">Verfasser</marc:subfield>
    </marc:datafield>
    <marc:datafield tag="700" ind1="1" ind2=" ">
      <marc:subfield code="a">Behrendt, Susann</marc:subfield>
      <marc:subfield code="0">(DE-588)102396936X</marc:subfield>
      <marc:subfield code="4">aut</marc:subfield>
      <marc:subfield code="e">Verfasser</marc:subfield>
    </marc:datafield>
    <marc:datafield tag="710" ind1="2" ind2=" ">
      <marc:subfield code="a">Wissenschaftliches Institut der AOK</marc:subfield>
      <marc:subfield code="0">(DE-588)2143896-1</marc:subfield>
      <marc:subfield code="4">isb</marc:subfield>
      <marc:subfield code="e">Herausgebendes Organ</marc:subfield>
    </marc:datafield>
    <marc:datafield tag="856" ind1="4" ind2="0">
      <marc:subfield code="u">https://repository.publisso.de/resource/frl:6527188</marc:subfield>
      <marc:subfield code="3">Volltext</marc:subfield>
      <marc:subfield code="z">kostenfrei</marc:subfield>
    </marc:datafield>
    <marc:datafield tag="924" ind1="1" ind2=" ">
      <marc:subfield code="a">99376764016306441</marc:subfield>
      <marc:subfield code="b">DE-98</marc:subfield>
      <marc:subfield code="c">NRW</marc:subfield>
      <marc:subfield code="d">d</marc:subfield>
    </marc:datafield>
    <marc:datafield tag="924" ind1="1" ind2=" ">
      <marc:subfield code="a">99376764016306441</marc:subfield>
      <marc:subfield code="b">DE-38M</marc:subfield>
      <marc:subfield code="c">NRW</marc:subfield>
      <marc:subfield code="d">d</marc:subfield>
    </marc:datafield>
    <marc:datafield tag="960" ind1="1" ind2=" ">
      <marc:subfield code="i">iall</marc:subfield>
      <marc:subfield code="i">OA</marc:subfield>
    </marc:datafield>
    <marc:datafield tag="960" ind1="1" ind2=" ">
      <marc:subfield code="r">38 M: ellinet; GND: (DE-588)2143896-1</marc:subfield>
    </marc:datafield>
  </marc:record>
</marc:collection>
